[Event "Windsor NAYCC U10"]
[Site "Windsor"]
[Date "2016.08.09"]
[Round "5.137"]
[White "Liu, Kevin1"]
[Black "Dinatolo, Zack"]
[Result "1/2-1/2"]
[WhiteElo "914"]
[BlackElo "1385"]
[PlyCount "78"]
[EventDate "2016.08.07"]
[EventType "swiss"]
[EventRounds "9"]
[EventCountry "CAN"]
[SourceTitle "EXT 2022"]
[Source "ChessBase"]
[SourceDate "2021.10.06"]
[SourceVersion "1"]
[SourceVersionDate "2021.10.06"]
[SourceQuality "1"]

1. e4 e6 2. d4 d5 3. exd5 exd5 4. Bd3 Nf6 5. Nc3 Bd6 6. Nge2 Be6 7. 0-0 0-0 8. Bg5 Nbd7 9. Re1 c6 10. Qd2 Qc7 11. h3 Rfe8 12. Bf4 Nf8 13. Bxd6 Qxd6 14. Ng3 Ng6 15. Re3 Bd7 16. Rae1 Rxe3 17. Rxe3 Re8 18. Nf5 Bxf5 19. Bxf5 Rxe3 20. Qxe3 Qf4 21. Bxg6 Qxe3 22. Bxh7+ Kxh7 23. fxe3 Kg6 24. Kf2 Kf5 25. Kf3 g5 26. g4+ Ke6 27. e4 dxe4+ 28. Nxe4 Nxe4 29. Kxe4 f6 30. c3 b5 31. b3 a6 32. c4 bxc4 33. bxc4 a5 34. a4 Kd6 35. c5+ Ke6 36. Ke3 Ke7 37. Kd2 Ke6 38. Kc3 Ke7 39. Kd3 Kd7 1/2-1/2

[Event "Windsor NAYCC U10"]
[Site "Windsor"]
[Date "2016.08.08"]
[Round "2.145"]
[White "Dinatolo, Zack"]
[Black "Fu, Steven"]
[Result "1-0"]
[WhiteElo "1365"]
[BlackElo "826"]
[PlyCount "163"]
[EventDate "2016.08.07"]
[EventType "swiss"]
[EventRounds "9"]
[EventCountry "CAN"]
[SourceTitle "EXT 2022"]
[Source "ChessBase"]
[SourceDate "2021.10.06"]
[SourceVersion "1"]
[SourceVersionDate "2021.10.06"]
[SourceQuality "1"]

1. e4 e5 2. Nf3 Nc6 3. Bc4 Be7 4. c3 Nf6 5. d3 0-0 6. 0-0 d6 7. Be3 Bg4 8. Nbd2 a6 9. a4 d5 10. exd5 Nxd5 11. Qb3 Nxe3 12. fxe3 Na5 13. Qc2 Nc6 14. d4 exd4 15. cxd4 Qd7 16. Bd3 g6 17. Nc4 Nb4 18. Nfe5 Nxc2 19. Nxd7 Nxa1 20. Nxf8 Rxf8 21. Rxa1 f6 22. Na5 Bc8 23. Nc4 c5 24. d5 f5 25. Nb6 Bf6 26. Rb1 Rd8 27. Bc4 Kg7 28. d6 Bd7 29. Bd5 Bc6 30. Bxc6 bxc6 31. d7 Kf7 32. Rc1 f4 33. Rxc5 fxe3 34. Rxc6 Bd4 35. Kf1 Bxb6 36. Rxb6 Rxd7 37. Rxa6 Rd2 38. b4 e2+ 39. Ke1 Rb2 40. b5 Ke7 41. b6 Kd7 42. a5 Kc8 43. Ra8+ Kb7 44. Ra7+ Kb8 45. Rxh7 Rb1+ 46. Kxe2 Rb2+ 47. Kf3 Rb3+ 48. Kg4 Rb5 49. Rh6 Rxa5 50. Rxg6 Ra2 51. Kh3 Ra3+ 52. g3 Ra4 53. Rg4 Ra6 54. Rg6 Ra4 55. g4 Ra2 56. Kg3 Kb7 57. h3 Ra5 58. Kh4 Rb5 59. Rf6 Kc8 60. g5 Kd7 61. b7 Ke7 62. Kh5 Rxb7 63. Kg6 Rb3 64. h4 Rb8 65. Kg7 Rb5 66. Rf7+ Ke8 67. g6 Rh5 68. Rf4 Ke7 69. Re4+ Kd7 70. Kf8 Rf5+ 71. Kg8 Rh5 72. g7 Ra5 73. Kf7 Rf5+ 74. Kg6 Rf3 75. Rg4 Re3 76. g8Q Re6+ 77. Kf5 Re1 78. Qd5+ Kc7 79. Rc4+ Kb6 80. Rc6+ Kb7 81. Qd7+ Ka8 82. Rc8# 1-0

[Event "Windsor NAYCC U10"]
[Site "Windsor"]
[Date "2016.08.07"]
[Round "1.132"]
[White "Prem, Pranav"]
[Black "Dinatolo, Zack"]
[Result "1-0"]
[WhiteElo "1725"]
[BlackElo "1365"]
[PlyCount "63"]
[EventDate "2016.08.07"]
[EventType "swiss"]
[EventRounds "9"]
[EventCountry "CAN"]
[SourceTitle "EXT 2022"]
[Source "ChessBase"]
[SourceDate "2021.10.06"]
[SourceVersion "1"]
[SourceVersionDate "2021.10.06"]
[SourceQuality "1"]

1. d4 d5 2. c4 c6 3. Nf3 Nf6 4. Nc3 dxc4 5. a4 e6 6. Ne5 Bb4 7. e3 Nbd7 8. Nxd7 Bxd7 9. Bxc4 0-0 10. 0-0 Qc7 11. Bd2 Bd6 12. h3 Rad8 13. Qe2 Rfe8 14. Rac1 Qb8 15. Qf3 e5 16. dxe5 Rxe5 17. e4 Rc5 18. Ne2 Be6 19. Bxe6 fxe6 20. Bc3 Rf8 21. Qe3 Rh5 22. f4 Bc5 23. Bd4 Bxd4 24. Nxd4 e5 25. Ne6 Re8 26. f5 h6 27. g4 Rh4 28. Qg3 g5 29. fxg6 Rxh3 30. Qxh3 Rxe6 31. g5 Nxe4 32. Qxe6+ 1-0

[Event "CAN-ch U10"]
[Site "Windsor"]
[Date "2016.07.05"]
[Round "1.95"]
[White "Dinatolo, Zack"]
[Black "Ho, Hewitt"]
[Result "0-1"]
[WhiteElo "1416"]
[BlackElo "749"]
[PlyCount "84"]
[EventDate "2016.07.05"]
[EventType "swiss"]
[EventRounds "7"]
[EventCountry "CAN"]
[SourceTitle "EXT 2022"]
[Source "ChessBase"]
[SourceDate "2021.10.06"]
[SourceVersion "1"]
[SourceVersionDate "2021.10.06"]
[SourceQuality "1"]

1. e4 e5 2. Nf3 Nc6 3. Bc4 Nf6 4. Ng5 d5 5. exd5 Nxd5 6. Nxf7 Kxf7 7. Qf3+ Qf6 8. Bxd5+ Be6 9. Qxf6+ Kxf6 10. Bxe6 Kxe6 11. Nc3 Bb4 12. d3 Rad8 13. Bd2 Nd4 14. Rc1 Rhe8 15. Ne4 Bxd2+ 16. Kxd2 Kf7 17. Rhe1 Nf5 18. Rcd1 Nd6 19. Nxd6+ Rxd6 20. Kc1 c5 21. Re4 Rf6 22. f3 Rg6 23. Rd2 Rh6 24. h3 b6 25. Rde2 Rhe6 26. Rf2 Kg8 27. f4 g6 28. Rfe2 b5 29. Rxe5 Rxe5 30. Rxe5 Rc8 31. Re7 a5 32. Rb7 b4 33. Re7 c4 34. dxc4 Rxc4 35. g3 Rc5 36. Rd7 a4 37. Kd2 Rh5 38. h4 h6 39. Ke3 g5 40. Rd5 gxf4+ 41. Ke4 Rxd5 42. Kxf4 Rd2 0-1

[Event "CAN-ch U08"]
[Site "Windsor"]
[Date "2015.07.08"]
[Round "4.123"]
[White "Dinatolo, Zack"]
[Black "Xu, Andrew"]
[Result "1-0"]
[WhiteElo "1205"]
[BlackElo "844"]
[PlyCount "101"]
[EventDate "2015.07.06"]
[EventType "swiss"]
[EventRounds "7"]
[EventCountry "CAN"]
[SourceTitle "EXT 2022"]
[Source "ChessBase"]
[SourceDate "2021.10.06"]
[SourceVersion "1"]
[SourceVersionDate "2021.10.06"]
[SourceQuality "1"]

1. e4 e5 2. Nf3 Nc6 3. Bc4 Nf6 4. Ng5 d5 5. exd5 Na5 6. Bb5+ c6 7. dxc6 bxc6 8. Be2 h6 9. Nf3 e4 10. Ng1 Qb6 11. d3 exd3 12. Bxd3 Be7 13. Nc3 0-0 14. Nf3 Re8 15. 0-0 Bb7 16. Bd2 Rad8 17. Na4 Qc7 18. b4 c5 19. bxa5 Bc6 20. Nc3 Qxa5 21. Nd5 Qa4 22. Nc7 Rf8 23. Ne5 Bd6 24. Nxc6 Qxc6 25. Nb5 a6 26. Nxd6 Qxd6 27. Ba5 Rd7 28. Bf5 Qxd1 29. Rfxd1 Rb7 30. Rab1 Ra7 31. Bb6 Rb7 32. Bxc5 Rxb1 33. Rxb1 g6 34. Bxf8 Kxf8 35. Bd3 Ke7 36. c4 Kd7 37. c5 Kc7 38. Bxa6 Nd7 39. c6 Kxc6 40. Bb5+ Kd6 41. Bxd7 Kxd7 42. a4 Ke7 43. a5 Kf6 44. a6 Kg7 45. a7 Kf6 46. a8Q Kg5 47. Qf8 f5 48. g3 Kh5 49. Qf6 g5 50. f4 gxf4 51. Qxf5# 1-0